00397 a2200109 4500001000900000005001700009008004100026245006900067100003300136773010100169999001700270ART_805420260410161831.0260409a 10aLas diferentes caras de la deuda externa de los países del Sur1 aGarcía Izquierdo, Bernardo0 tBoletín de estudios económicosgÉtica y economía - Vol. 55, Nº 170 (ago. 2000)wREV5142 c23244d23244